<?xml version="1.0" encoding="UTF-8"?>
<record
    xmlns:xsi="http://www.w3.org/2001/XMLSchema-instance"
    xsi:schemaLocation="http://www.loc.gov/MARC21/slim http://www.loc.gov/standards/marcxml/schema/MARC21slim.xsd"
    xmlns="http://www.loc.gov/MARC21/slim">

  <leader>05029nam a22004094a 4500</leader>
  <controlfield tag="001">ebr10075614</controlfield>
  <controlfield tag="003">CaPaEBR</controlfield>
  <controlfield tag="006">m        u        </controlfield>
  <controlfield tag="007">cr cn|||||||||</controlfield>
  <controlfield tag="008">040922s2005    nyua    sb    001 0 eng  </controlfield>
  <datafield tag="010" ind1=" " ind2=" ">
    <subfield code="z">  2004022295</subfield>
  </datafield>
  <datafield tag="020" ind1=" " ind2=" ">
    <subfield code="z">0814408451</subfield>
  </datafield>
  <datafield tag="040" ind1=" " ind2=" ">
    <subfield code="a">CaPaEBR</subfield>
    <subfield code="c">CaPaEBR</subfield>
  </datafield>
  <datafield tag="035" ind1=" " ind2=" ">
    <subfield code="a">(OCoLC)614665643</subfield>
  </datafield>
  <datafield tag="050" ind1="1" ind2="4">
    <subfield code="a">RA418.5.M4</subfield>
    <subfield code="b">D49 2005eb</subfield>
  </datafield>
  <datafield tag="082" ind1="0" ind2="4">
    <subfield code="a">610/.28</subfield>
    <subfield code="2">22</subfield>
  </datafield>
  <datafield tag="100" ind1="1" ind2=" ">
    <subfield code="a">Deyo, Richard A.</subfield>
  </datafield>
  <datafield tag="245" ind1="1" ind2="0">
    <subfield code="a">Hope or hype</subfield>
    <subfield code="h">[electronic resource] :</subfield>
    <subfield code="b">the obsession with medical advances and the high cost of false promises /</subfield>
    <subfield code="c">Richard A. Deyo, Donald L. Patrick.</subfield>
  </datafield>
  <datafield tag="260" ind1=" " ind2=" ">
    <subfield code="a">New York :</subfield>
    <subfield code="b">AMACOM, American Management Association,</subfield>
    <subfield code="c">c2005.</subfield>
  </datafield>
  <datafield tag="300" ind1=" " ind2=" ">
    <subfield code="a">xvi, 335 p. :</subfield>
    <subfield code="b">ill.</subfield>
  </datafield>
  <datafield tag="504" ind1=" " ind2=" ">
    <subfield code="a">Includes bibliographical references (p. [291]-326) and index.</subfield>
  </datafield>
  <datafield tag="505" ind1="0" ind2=" ">
    <subfield code="a">Can there be too much of a good thing? the hazards of uncritically embracing medical advances -- What's the problem? don't we need lifesaving new treatments? -- Medical innovations and American culture: the call of the sirens -- Why more isn't always better: red herrings, side effects, and superbugs -- Why newer isn't always better: unpleasant surprises, recalls, and learning curves -- Social hazards: what we lose by uncritical use of new treatments -- How things really work: opinion makers and regulators of medical  advances -- What will you swallow? how drug companies get you to buy more expensive drugs than you may need -- Making friends, playing monopoly, and dirty tricks: other industry strategies -- Stacking the deck? how to get the "right" answer in clinical research -- "Cancer cured--film at 11:00": the media's role in disseminating medical advances -- Doctors and hospitals: fueling the drive for new and more -- Advocacy groups: Mother Teresa's waiting room -- Holes in the safety net: the FDA and the FTC -- Ineffective. inferior or needlessly costly new drugs -- Medical devices that disappoint -- Ineffective or needlessly extensive surgery -- Weight loss technology: shedding pounds from your waistline or your wallet? -- For doctors: evidence-based medicine -- For insurers and researchers: pay now or pay more later -- For all decision makers: getting value for money -- For government: regulatory approaches to improve the dissemination of medical innovations -- For consumers: shared decision making.</subfield>
  </datafield>
  <datafield tag="505" ind1="0" ind2=" ">
    <subfield code="a">Can there be too much of a good thing? the hazards of uncritically embracing medical advances -- What's the problem? don't we need lifesaving new treatments? -- Medical innovations and American culture: the call of the sirens -- Why more isn't always better: red herrings, side effects, and superbugs -- Why newer isn't always better: unpleasant surprises, recalls, and learning curves -- Social hazards: what we lose by uncritical use of new treatments -- How things really work: opinion makers and regulators of medical  advances -- What will you swallow? how drug companies get you to buy more expensive drugs than you may need -- Making friends, playing monopoly, and dirty tricks: other industry strategies -- Stacking the deck? how to get the "right" answer in clinical research -- "Cancer cured--film at 11:00": the media's role in disseminating medical advances -- Doctors and hospitals: fueling the drive for new and more -- Advocacy groups: Mother Teresa's waiting room -- Holes in the safety net: the FDA and the FTC -- Useless, harmful, or marginal: popular treatments that caused unnecessary disability, dollar costs, or death -- Ineffective or inferior new drugs -- Medical devices that disappoint -- Ineffective or needlessly extensive surgery -- Weight loss technology: shedding pounds from your waistline or your wallet? -- Crossing the threshold: improving the transition from "experimental" to "standard care" -- For doctors: evidence-based medicine -- For insurers and researchers: pay now or pay more later -- For all decision makers: getting value for money -- For government: regulatory approaches to improve the dissemination of medical innovations -- For consumers: shared decision making.</subfield>
  </datafield>
  <datafield tag="533" ind1=" " ind2=" ">
    <subfield code="a">Electronic reproduction.</subfield>
    <subfield code="b">Palo Alto, Calif. :</subfield>
    <subfield code="c">ebrary,</subfield>
    <subfield code="d">2013.</subfield>
    <subfield code="n">Available via World Wide Web.</subfield>
    <subfield code="n">Access may be limited to ebrary affiliated libraries.</subfield>
  </datafield>
  <datafield tag="650" ind1=" " ind2="0">
    <subfield code="a">Medical innovations</subfield>
    <subfield code="z">United States</subfield>
    <subfield code="x">Evaluation.</subfield>
  </datafield>
  <datafield tag="650" ind1=" " ind2="0">
    <subfield code="a">Medical technology</subfield>
    <subfield code="z">United States</subfield>
    <subfield code="x">Evaluation.</subfield>
  </datafield>
  <datafield tag="650" ind1=" " ind2="0">
    <subfield code="a">Medical care</subfield>
    <subfield code="x">Technological innovations</subfield>
    <subfield code="z">United States</subfield>
    <subfield code="x">Evaluation.</subfield>
  </datafield>
  <datafield tag="650" ind1=" " ind2="0">
    <subfield code="a">Medical care</subfield>
    <subfield code="z">United States</subfield>
    <subfield code="x">Evaluation.</subfield>
  </datafield>
  <datafield tag="650" ind1=" " ind2="0">
    <subfield code="a">Medical innovations</subfield>
    <subfield code="x">Economic aspects</subfield>
    <subfield code="z">United States.</subfield>
  </datafield>
  <datafield tag="650" ind1=" " ind2="0">
    <subfield code="a">Medical technology</subfield>
    <subfield code="z">United States</subfield>
    <subfield code="x">Cost effectiveness.</subfield>
  </datafield>
  <datafield tag="650" ind1=" " ind2="0">
    <subfield code="a">Medical care</subfield>
    <subfield code="x">Technological innovations</subfield>
    <subfield code="z">United States</subfield>
    <subfield code="x">Cost effectiveness.</subfield>
  </datafield>
  <datafield tag="650" ind1=" " ind2="0">
    <subfield code="a">Medical care, Cost of</subfield>
    <subfield code="z">United States.</subfield>
  </datafield>
  <datafield tag="655" ind1=" " ind2="7">
    <subfield code="a">Electronic books.</subfield>
    <subfield code="2">local</subfield>
  </datafield>
  <datafield tag="700" ind1="1" ind2=" ">
    <subfield code="a">Patrick, Donald L.</subfield>
  </datafield>
  <datafield tag="710" ind1="2" ind2=" ">
    <subfield code="a">ebrary, Inc.</subfield>
  </datafield>
  <datafield tag="856" ind1="4" ind2="0">
    <subfield code="u">http://site.ebrary.com/lib/rucke/Doc?id=10075614</subfield>
    <subfield code="z">An electronic book accessible through the World Wide Web; click to view</subfield>
  </datafield>
  <datafield tag="999" ind1=" " ind2=" ">
    <subfield code="c">45655</subfield>
    <subfield code="d">45655</subfield>
  </datafield>
</record>
